|
|
|
|
| LEADER |
01186nam a2200313 a 4500 |
| 001 |
17575 |
| 003 |
BD-DhAAL |
| 005 |
20140608145823.0 |
| 008 |
140608s1987 nyu n 000 0 eng |
| 010 |
|
|
|a 87008515
|
| 020 |
|
|
|a 0935312749 (pbk.) :
|
| 020 |
|
|
|a 0935312757 (hard) :
|
| 040 |
|
|
|a DLC
|c DLC
|d DLC
|d BD-DhAAL
|
| 050 |
0 |
0 |
|a HQ1206
|b .C69 1987
|
| 082 |
0 |
0 |
|a 305.4/2
|2 19
|
| 245 |
0 |
0 |
|a Competition, a feminist taboo? /
|c edited by Valerie Miner and Helen E. Longino ; foreword by Nell Irvin Painter.
|
| 260 |
|
|
|a New York :
|b The Feminist Press at the City University of New York,
|c 1987.
|
| 300 |
|
|
|a xvi, 260 p. ;
|c 23 cm.
|
| 504 |
|
|
|a Includes bibliographies.
|
| 541 |
|
|
|e 17575
|
| 650 |
|
0 |
|a Women
|x Psychology.
|9 482
|
| 650 |
|
0 |
|a Competition (Psychology)
|9 4746
|
| 650 |
|
0 |
|a Feminism
|x Psychological aspects.
|9 4747
|
| 700 |
1 |
|
|a Miner, Valerie.
|9 4748
|
| 700 |
1 |
|
|a Longino, Helen E.
|9 4749
|
| 740 |
0 |
|
|a Competition.
|
| 942 |
|
|
|2 ddc
|c BK
|
| 999 |
|
|
|c 14392
|d 14392
|
| 952 |
|
|
|0 0
|1 0
|2 ddc
|4 0
|6 305_420000000000000_COM
|7 0
|9 24390
|a BRACUL
|b BRACUL
|c GEN
|d 2014-06-08
|l 0
|o 305.42 COM
|p 3010017575
|r 2014-06-08
|t 1
|w 2014-06-08
|y BK
|x Transferred from ENH to Ayesha Abed library on 20/12/2023
|